000 00623nam a2200205 4500
001 121697
003 ES-MaACL
007 t|
008 070214s1953 sp r ||||1| spa d
100 1 _aHenry, O.
_962602
245 1 0 _aCuatro páginas de la vida /
_cO. Henry ; traducción del inglés por Juan G. de Luaces.
250 _a1ª. ed.
260 _aBarcelona :
_bJosé Janés,
_c1953.
300 _a177 p. ;
_c22 cm.
490 1 _aLos maestros de la novela
700 1 _aLuaces, Juan G. de.
_974483
830 0 _aLos maestros de la novela
_9182005
852 _aES-MaACL
_jC-6525
_bR.35871
999 _c121697
_d121697